| 000 | 00721nam a2200205Ia 4500 | ||
|---|---|---|---|
| 003 | CO-CtgCURN | ||
| 005 | 20250409210221.0 | ||
| 008 | 190725s9999 xx 000 0 und d | ||
| 040 |
_aCO-CtgCURN _bspa _ccoctgcurn |
||
| 082 |
_a657 _bL514e |
||
| 110 | _aLegis | ||
| 245 | 0 | _aEstatuto de la profesion de contador público, o, reglamento general de la contabilidad o Plan unico de cuentas para comerciantes / | |
| 260 |
_aBogotá, Colombia : _bLegis, _c2003 |
||
| 300 |
_a345 páginas ; _c22 centímetros |
||
| 521 | _aAREA BASICA | ||
| 590 | _aTodos los programas acádemicos | ||
| 650 | _aContabilidad | ||
| 942 |
_cBK _h657 _iL514e |
||
| 999 |
_c30214 _d30214 |
||